=LDR 00000nam 2200000 4500 =001 INLIS000000000015041 =005 20130612110325 =008 ***********************************Ind** =035 ##$$0010-061300000015041 =041 ##$$a Ind =082 ##$$a 658 =090 ##$$a 658, Dru m =100 ##$$a Drucren, Peter F =245 ##$$a mengelola Pada Masa-Masa Tidak Menentu, Peter F. Druker; Alih Bahasa, B.R.Hendri Sitonggang =260 ##$$a 1988 $b Jakarta =300 ##$$a 174 Hlm, 23 Cm =650 ##$$a Manjemen Waktu =700 ##$$a Sitonggang,A.R.Hendry =850 ##$$a NBPNMAT